| Поле | Инд. | ПП | Название | Значение |
|---|---|---|---|---|
| Тип записи | a | |||
| Библиографический уровень | b | |||
| 001 | Контрольный номер | RU/IS/BASE/257257226 | ||
| 005 | Дата корректировки | 20200522191210.3 | ||
| 008 | Кодируемые данные | 20080225 | ||
| 040 | b | Код языка каталог. | rus | |
| e | Правила каталог. | PSBO | ||
| 041 | 0_ | a | Код языка текста | rus |
| 084 | a | Индекс другой классификации/Индекс ББК | 81в; 87.3(2)5в683; 60.001(2)5в683 | |
| 100 | 1_ | a | Автор | Чапаева Л. Г. |
| 245 | 10 | a | Заглавие | Пространство и время в идеологичесом дискурсе славянофилов и западников 30 - 40 гг. XIX в. |
| 504 | a | Библиография | Библиогр.: с. 38 | |
| 650 | 04 | a | Основная рубрика | история философии |
| a | Основная рубрика | общее языкознание | ||
| a | Основная рубрика | социальная философия | ||
| a | Основная рубрика | филологические науки | ||
| a | Основная рубрика | философия | ||
| 653 | 1_ | a | Ключевые слова | XIX век |
| a | Ключевые слова | время | ||
| a | Ключевые слова | западничество | ||
| a | Ключевые слова | идеология | ||
| a | Ключевые слова | лингвистический анализ | ||
| a | Ключевые слова | пространство | ||
| a | Ключевые слова | Россия | ||
| a | Ключевые слова | семантика текста | ||
| a | Ключевые слова | семантический анализ | ||
| a | Ключевые слова | славянофильство | ||
| a | Ключевые слова | философский дискурс | ||
| a | Ключевые слова | история социальной философии | ||
| 773 | 0_ | t | Заглавие источника | Вестник Московского университета. Серия 9, Филология |
| d | Дата издания источника | 2007 | ||
| g | Прочая информация | № 2. - С. 32 - 38 | ||
| w | Контрольный № источника | RU/IS/BASE/236181942 | ||
| 901 | t | Тип документа | b |